00435nam a2200157Ia 4500003000400000008004100004040001600045082001300061100001800074245006500092260003900157300001000196490003400206650001500240650002200255GCL140319s9999 xx 000 0 eng d aGCL / cGCL04a843bA P1 aANOUILH, JEAN10aLES POISSONS ROUGES: OU MON PERE, CE HEROS / cANOUILH, JEAN a[S.N] : bLA TABLE RONDE ، c1994 a156 P aCOLLECTION FOLIO CLASSIQUEv004aLITERATURE04aFRENCH LITERATURE